Normal view
MARC view
Entry Topical Term
001 - CONTROL NUMBER
- control field: 38852
003 - CONTROL NUMBER IDENTIFIER
- control field: OSt
005 - DATE AND TIME OF LATEST TRANSACTION
- control field: 20160218130302.0
008 - FIXED-LENGTH DATA ELEMENTS
- fixed length control field: 160218|| aca||aabn | a|a d
040 ## - CATALOGING SOURCE
- Original cataloging agency: OSt
- Transcribing agency: OSt
150 ## - HEADING--TOPICAL TERM
- Topical term or geographic name entry element: Language
670 ## - SOURCE DATA FOUND
- Source citation: Work cat.: (OSt)26853: शास्त्री उदयवीर 38851, ब्रहम्सूत्र-विघोदयाभाष्यम़









